Wymień wszystkie kraje na literę I - Statystyki

Ogólne statystyki
  • Ten quiz został rozwiązany 5 razy
  • Średni wynik to 6 z 11
Statystyki odpowiedzi
Odpowiedź % Poprawnych
Fidżi
80%
Haiti
80%
Mali
80%
Eswatini
60%
Kiribati
60%
Burundi
40%
Dżibuti
40%
Malawi
40%
Republika Południowej Afryki
40%
Timor Wschodni
40%
Brunei
20%
Nie znaleziono quizów pasujących do podanych kryteriów
Rozkład punktacji
Procent ludzi z każdym wynikiem
Percentyl według liczby udzielonych odpowiedzi
Twoja historia wyników
Nie rozwiązałeś tego quizu